| 000 | 00464cam a2200181ua 4500 | ||
|---|---|---|---|
| 020 | _c45.00 | ||
| 041 |
_aeng _h |
||
| 082 |
_a630.301 _bGIR/AG |
||
| 100 | _aGirish, Mishra . | ||
| 245 |
_aAgrarian problems of permanent settlement / _cGirish Mishra. _hTextual Documents |
||
| 250 |
_a1 / _b. |
||
| 260 |
_aNew Delhi : _bPeoples publishing house , _c1978. |
||
| 300 | _a354 ; . | ||
| 365 | _a45.00 | ||
| 504 | _a | ||
| 942 | _cBK | ||
| 999 |
_c1590 _d1590 |
||